Statistics for Video Games Map Quiz

Click here to take the quiz!

General Stats

  • This quiz has been taken 36 times
  • The average score is 4 of 10

Answer Stats

Answer% Correct
Minecraft
94%
Among Us
65%
Call of Duty
55%
Fortnite
55%
Age of Empires
42%
Halo
42%
Team Fortress 2
42%
Super Monkey Ball
29%
Speedrunners
16%
Spider Heck
6%

Score Distribution

Percentile by Number Answered

Percent of People with Each Score

Your Score History

You have not taken this quiz